| 000 | 01843cam a22004814i 4500 | ||
|---|---|---|---|
| 003 | PE-LiUPU | ||
| 005 | 20250731175624.0 | ||
| 008 | 161121s2017 miu rb 001 0 eng d | ||
| 020 | _a0310530741 | ||
| 020 | _a9780310530749 | ||
| 035 | _a(Sirsi) i9780310530749 | ||
| 040 |
_aYDX _beng _erda _cYDX _dBTCTA _dBDX _dTUU _dHEV _dOCLCF _dSTF _dLNT _dPE-LiUPU |
||
| 041 | 1 |
_aeng _aheb _hheb |
|
| 049 | _aPRUA | ||
| 082 | 0 | 4 |
_a492.482421 _bP66 _223 |
| 100 | 1 |
_aPleins, J. David, _eautor. |
|
| 245 | 1 | 0 |
_aBiblical Hebrew vocabulary by conceptual categories : _ba student's guide to nouns in the Old Testament / _cJ. David Pleins ; with Jonathan Homrighausen. |
| 264 | 1 |
_aGrand Rapids, Michigan : _bZondervan, _c2017. |
|
| 300 |
_a176 páginas : _c23 centímetros |
||
| 336 |
_atext _2rdacontent |
||
| 337 |
_aunmediated _2rdamedia |
||
| 338 |
_avolume _2rdacarrier |
||
| 504 | _aIndice : páginas 151-176. | ||
| 505 | 0 | _aThe created order -- The human order -- The social order -- The constructed order. | |
| 526 | _aP145 | ||
| 526 | _aP127 | ||
| 526 | _aP97 | ||
| 526 | _aP35 | ||
| 526 | _aP14 | ||
| 526 | _aP07 | ||
| 650 | 0 | _aHebrew language. | |
| 650 | 0 |
_aHebrew language _xNoun. |
|
| 650 | 0 | _aLenguaje hebreo. | |
| 650 | 0 |
_aLenguaje hebreo _xNoun. |
|
| 700 | 1 |
_aHomrighausen, Jonathan, _eautor. |
|
| 910 |
_adbm _bncf _cncf _d20171213 |
||
| 942 |
_2ddc _cBOOK |
||
| 949 |
_a492.482421 P66 _wDEWEY _c1 _i77528 _lCATALOGING _mBUL _p10.79 _r0 _sY _tBOOK _u2017-12-13 _xPOSGRADO _PP85 _0COMPRA _o.STAFF. Colección Teología. |
||
| 994 |
_aC0 _bPEPRU |
||
| 596 | _a1 | ||
| 999 |
_a492.482421 P66 _wDEWEY _c26133 _i77528 _d26133 _f2021-11-11 _g4 _lCCODEBUL1 _mBUL _p10.79 _q4 _r0 _sY _tBOOK _u2017-12-13 _xTEOLOGIA _PP85 _0COMPRA _o.STAFF. Colección Teología |
||
| 980 |
_81 _gALBERTO SANCHEZ Responsable de Automatización |
||